书目信息 |
| 题名: |
甘肃省生态建设与大农业可持续发展研究
|
|
| 作者: | 张志强 著 | |
| 分册: | ||
| 出版信息: | 北京 中国环境科学出版社 2001.1 |
|
| 页数: | 118页 | |
| 开本: | 26cm | |
| 丛书名: | ||
| 单 册: | ||
| 中图分类: | F327.42 | |
| 科图分类: | ||
| 主题词: | 农业经济--中国 | |
| 电子资源: | ||
| ISBN: | 7-80163-058-0 | |
| 000 | 00633nam0 2200193 45 | |
| 001 | 0239954517 | |
| 005 | 2002041311055451 | |
| 010 | @a7-80163-058-0@dRMB 22.00 | |
| 100 | @a20020413d2001 km y0chiy0120 ea | |
| 101 | 0 | @achi |
| 102 | @aCN@b110000 | |
| 200 | 1 | @a甘肃省生态建设与大农业可持续发展研究@Agan su sheng sheng tai jian she yu da nong ye ke chi xu fa zhan yan jiu@f张志强等著@Fzhang zhi qiang deng zhu |
| 210 | @a北京@c中国环境科学出版社@d2001.1 | |
| 215 | @a118页@d26cm | |
| 606 | 0 | @a农业经济@x中国 |
| 690 | @aF327.42@v3 | |
| 701 | 0 | @a张志强@Azhang zhi qiang@4著 |
| 801 | 0 | @aCN@bPFT@c20020413 |
| 905 | @a10447@dF327.42@eZ250 | |
| 甘肃省生态建设与大农业可持续发展研究/张志强等著.-北京:中国环境科学出版社,2001.1 |
| 118页;26cm |
| ISBN 7-80163-058-0:RMB 22.00 |
| ● |
| 相关链接 |
|
|
|
正题名:甘肃省生态建设与大农业可持续发展研究
索取号:F327.42/Z250
 
预约/预借
| 序号 | 登录号 | 条形码 | 馆藏地/架位号 | 状态 | 备注 |
| 1 | 358467 | 203584674 | 社科库409/409社科库 33排4列4层/ [索取号:F327.42/Z250] | 在馆 | |
| 2 | 358468 | 203584683 | 社科库409/409社科库 33排4列4层/ [索取号:F327.42/Z250] | 在馆 |